[Event "Titled Tue 27th May Early"]
[Site "chess.com INT"]
[Date "2025.05.27"]
[Round "2"]
[White "Caprio, Guido"]
[Black "Modric, Nesa"]
[Result "1-0"]
[WhiteTitle "IM"]
[BlackTitle "CM"]
[WhiteElo "2435"]
[BlackElo "2088"]
[WhiteFideId "834580"]
[BlackFideId "922579"]
[EventDate "2025.05.27"]

1. d4 d5 2. Nf3 e6 3. c4 c6 4. e3 Nf6 5. Qc2 Nbd7 6. Nbd2 Be7 7. b3 O-O 8. Bb2
b6 9. Be2 Bb7 10. O-O Rc8 11. Rad1 Re8 12. Qb1 Qc7 13. Rfe1 Qb8 14. Bf1 Ne4 15.
Nxe4 dxe4 16. Qxe4 c5 17. Qg4 Nf6 18. Qh3 h6 19. Ne5 a5 20. Be2 Red8 21. Bf3 Qa8
22. Bxb7 Qxb7 23. Qf3 Qc7 24. h3 a4 25. bxa4 Ra8 26. d5 Rxa4 27. Nc6 Rf8 28. Be5
Qd7 29. dxe6 Qxe6 30. Nxe7+ Qxe7 31. Bd6 Qe8 32. Bxf8 Qxf8 33. Qb7 Rxc4 34. Qxb6
Kh7 35. Rc1 Rb4 36. Qxc5 Qb8 37. Rb1 Rb2 38. Qf5+ Kg8 39. Rbc1 g6 40. Rc8+ Kg7
41. Rxb8 1-0

[Event "Titled Tue 27th May Early"]
[Site "chess.com INT"]
[Date "2025.05.27"]
[Round "2"]
[White "Vargas Pereda, Jesus Manue"]
[Black "Nguyen Quang Anh"]
[Result "0-1"]
[WhiteTitle "CM"]
[BlackTitle "CM"]
[WhiteElo "1948"]
[BlackElo "2052"]
[WhiteFideId "5115710"]
[BlackFideId "12432377"]
[EventDate "2025.05.27"]

1. e4 e6 2. d4 d5 3. Nd2 Nf6 4. e5 Nfd7 5. Bd3 c5 6. c3 Nc6 7. Ngf3 Qb6 8. a3
cxd4 9. cxd4 Nxd4 10. Nxd4 Qxd4 11. Nf3 Qb6 12. Qc2 Nc5 13. Be3 Nxd3+ 14. Qxd3
Qa5+ 15. Bd2 Qd8 16. Bg5 Qa5+ 17. Bd2 Qa4 18. Rc1 Qe4+ 19. Qxe4 dxe4 20. Nd4 Bd7
21. O-O Rc8 22. Rxc8+ Bxc8 23. Rc1 Kd7 24. Bb4 Bxb4 25. axb4 a6 26. Kf1 Rd8 27.
Ke2 f6 28. f4 exf3+ 29. Nxf3 Ke7 30. Ke3 Bd7 31. Rc7 Rb8 32. Kd4 Kd8 33. Rc1 Bc6
34. Rd1 Ke7 35. Ke3 Bxf3 36. exf6+ gxf6 37. Kxf3 Rc8 38. Rd3 Rc4 39. Rb3 b5 40.
h3 Kd6 41. Ke3 Ke5 42. Kf3 f5 43. g3 Kf6 44. h4 h5 45. Kf2 f4 46. Kf3 fxg3 47.
Kxg3 Rg4+ 48. Kh3 Rf4 49. Ra3 Rxb4 50. Rxa6 Rxb2 51. Rb6 b4 52. Kg3 b3 53. Kf4
Rb1 54. Rb5 b2 0-1

[Event "Titled Tue 27th May Early"]
[Site "chess.com INT"]
[Date "2025.05.27"]
[Round "2"]
[White "Miranda Camus, Joaquin Ignacio"]
[Black "Velikanov, Alexander"]
[Result "0-1"]
[WhiteTitle "FM"]
[BlackTitle "IM"]
[WhiteElo "2196"]
[BlackElo "2372"]
[WhiteFideId "3449300"]
[BlackFideId "2039290"]
[EventDate "2025.05.27"]

1. d4 Nf6 2. Nf3 g6 3. Nc3 d6 4. e4 Bg7 5. Bf4 Nc6 6. e5 Nh5 7. Be3 dxe5 8. d5
Nb8 9. Bb5+ c6 10. dxc6 Qxd1+ 11. Rxd1 bxc6 12. Nd5 O-O 13. Nc7 cxb5 14. Nxa8 e4
15. Nd4 Bg4 16. f3 exf3 17. gxf3 Bh3 18. Kf2 Na6 19. Nxb5 Rxa8 20. c3 Rb8 21. a4
e5 22. Bxa7 Ra8 23. Bb6 Bf8 24. a5 Nc5 25. b4 Na4 26. Nc7 Rc8 27. Nd5 Be6 28.
Ra1 Bxd5 29. Rxa4 Rxc3 30. a6 Rxf3+ 31. Ke2 Nf4+ 32. Kd2 Rd3+ 33. Kc2 Bxh1 34.
a7 Ba8 35. Bc5 Bxc5 36. bxc5 Rd5 37. Rc4 Rd7 38. c6 Rc7 39. Rc5 Rxc6 40. Rxc6
Bxc6 0-1

[Event "Titled Tue 27th May Early"]
[Site "chess.com INT"]
[Date "2025.05.27"]
[Round "2"]
[White "Sarveshwaran V"]
[Black "Rose, Felix"]
[Result "1-0"]
[WhiteTitle "CM"]
[BlackTitle "CM"]
[WhiteElo "2290"]
[BlackElo "2093"]
[WhiteFideId "25699016"]
[BlackFideId "5105722"]
[EventDate "2025.05.27"]

1. Nf3 d5 2. g3 Nf6 3. Bg2 e6 4. O-O Be7 5. d3 O-O 6. Nbd2 a5 7. e4 a4 8. e5
Nfd7 9. a3 c5 10. c3 Nc6 11. Re1 b5 12. Nf1 Qc7 13. Qe2 b4 14. h4 Ba6 15. Bf4
Rfb8 16. h5 h6 17. g4 bxc3 18. bxc3 Rb3 19. Qd2 Bf8 20. g5 d4 21. cxd4 Rxd3 22.
Qc1 cxd4 23. gxh6 Rc3 24. Qd1 Rd3 25. N3d2 Rc8 26. hxg7 Bxg7 27. Qg4 Kh8 28.
Rac1 Ncxe5 29. Bxe5 Nxe5 30. Qg5 Rc3 31. h6 Bf8 32. Qf6+ Kh7 33. Ne4 1-0

[Event "Titled Tue 27th May Early"]
[Site "chess.com INT"]
[Date "2025.05.27"]
[Round "2"]
[White "Sobek, Jaroslav"]
[Black "Solonkov, Dmitrij"]
[Result "1/2-1/2"]
[WhiteTitle "FM"]
[BlackTitle "FM"]
[WhiteElo "2195"]
[BlackElo "2434"]
[WhiteFideId "301388"]
[BlackFideId "4150139"]
[EventDate "2025.05.27"]

1. d4 Nf6 2. c4 e6 3. Bf4 d5 4. e3 c5 5. Nf3 Nc6 6. Nc3 a6 7. cxd5 exd5 8. dxc5
Bxc5 9. Be2 O-O 10. O-O Be6 11. a3 Rc8 12. Rc1 Ba7 13. Ne5 Nxe5 14. Bxe5 Nd7 15.
Bd4 Bb8 16. Bf3 Qg5 17. g3 Rfd8 18. Bg2 Nf6 19. Qe2 h5 20. h4 Qg6 21. Qc2 Bf5
22. Qb3 Be4 23. Nxe4 Nxe4 24. Rxc8 Rxc8 25. Qxd5 Nxg3 26. fxg3 Qxg3 27. Qxf7+
Kh8 28. Qxh5+ Kg8 29. Qd5+ Kh8 30. Bxg7+ Qxg7 31. Qh5+ Kg8 32. Qd5+ Kh8 33. Qh5+
Kg8 34. Qd5+ Kh8 1/2-1/2

[Event "Titled Tue 27th May Early"]
[Site "chess.com INT"]
[Date "2025.05.27"]
[Round "2"]
[White "Jake Shanty"]
[Black "Mihajlovskij, Sergei"]
[Result "1-0"]
[WhiteTitle "FM"]
[WhiteElo "2252"]
[BlackElo "2292"]
[WhiteFideId "33478066"]
[BlackFideId "13500805"]
[EventDate "2025.05.27"]

1. Nf3 g6 2. e4 c5 3. c3 d5 4. e5 Bg7 5. d4 Nc6 6. Be2 Qb6 7. O-O e6 8. Na3 a6
9. Nc2 cxd4 10. cxd4 Nge7 11. Bg5 Nf5 12. Qd2 h5 13. h3 Bd7 14. b4 Rc8 15. a4
O-O 16. Rab1 f6 17. exf6 Bxf6 18. b5 Ncxd4 19. Ncxd4 Nxd4 20. Bxf6 Nxe2+ 21.
Qxe2 Rxf6 22. Ne5 Be8 23. bxa6 Qxa6 24. Qd2 Qd6 25. Rfe1 Qe7 26. a5 Kg7 27. Rb6
Qc5 28. Rxb7+ Rc7 29. Rxc7+ Qxc7 30. Qb4 Rf5 31. Qd4 Kh7 32. a6 Bb5 33. a7 Rf8
34. Qb4 Rxf2 35. a8=Q 1-0

[Event "Titled Tue 27th May Early"]
[Site "chess.com INT"]
[Date "2025.05.27"]
[Round "2"]
[White "Vakhidov, Jakhongir"]
[Black "Martinez Fernandez, Adrian"]
[Result "1-0"]
[WhiteTitle "GM"]
[BlackTitle "IM"]
[WhiteElo "2546"]
[BlackElo "2404"]
[WhiteFideId "14201801"]
[BlackFideId "32049048"]
[EventDate "2025.05.27"]

1. c4 c5 2. Nf3 g6 3. Nc3 Bg7 4. g3 Nc6 5. Bg2 d6 6. O-O e6 7. e3 Nge7 8. d4 O-O
9. b3 cxd4 10. exd4 d5 11. Re1 dxc4 12. bxc4 Nxd4 13. Ba3 Ndc6 14. Rc1 Qa5 15.
Qb3 Qh5 16. h3 Na5 17. Qb5 Qxb5 18. cxb5 Re8 19. Bb4 Nc4 20. Ne4 Nb2 21. Nd6 Rd8
22. Ng5 Nd3 23. Ndxf7 Nxb4 24. Nxd8 Nd3 25. Ndxe6 Nxe1 26. Rxe1 Bxe6 27. Rxe6
Nf5 28. Bxb7 Rd8 29. Ra6 Bd4 30. Ne6 Rd7 31. Bc6 Re7 32. Bd5 Kh8 33. g4 Ne3 34.
fxe3 Bxe3+ 35. Kg2 1-0

[Event "Titled Tue 27th May Early"]
[Site "chess.com INT"]
[Date "2025.05.27"]
[Round "2"]
[White "Montano Vicente, Guadalupe"]
[Black "Luong Phuong Hanh"]
[Result "0-1"]
[BlackTitle "WIM"]
[WhiteElo "1940"]
[BlackElo "2144"]
[WhiteFideId "5181399"]
[BlackFideId "12401013"]
[EventDate "2025.05.27"]

1. d4 Nf6 2. c4 g6 3. Nc3 d5 4. Nf3 Bg7 5. Qb3 dxc4 6. Qxc4 O-O 7. e4 a6 8. Qb3
b5 9. e5 Be6 10. exf6 Bxb3 11. fxg7 Kxg7 12. axb3 Nc6 13. Be3 Nb4 14. Rc1 Nd5
15. Be2 Nxe3 16. fxe3 b4 17. Na4 a5 18. O-O Qd6 19. Nc5 Kg8 20. Ne5 Rad8 21. Bc4
e6 22. Ne4 Qb6 23. Nf6+ Kg7 24. Nfd7 Qd6 25. Nxf8 Rxf8 26. Rf4 c5 27. Rcf1 f5
28. h4 cxd4 29. exd4 h5 30. Kh1 Rd8 31. Nd3 Qb6 32. Nc5 Rxd4 33. Rxd4 Qxc5 34.
Rfd1 Kh6 35. Bxe6 Qe7 36. Bc4 Qf6 37. R1d3 f4 38. Re4 Qxh4+ 39. Kg1 Qf6 40. Rdd4
f3 41. Rf4 Qe5 42. gxf3 Qe1+ 43. Kg2 Qc1 44. Rfe4 Qxb2+ 45. Kh3 Qf2 46. Rf4 Qg1 0-1

[Event "Titled Tue 27th May Early"]
[Site "chess.com INT"]
[Date "2025.05.27"]
[Round "2"]
[White "Negrean, Andrei"]
[Black "Demchenko, Anton"]
[Result "0-1"]
[WhiteTitle "FM"]
[BlackTitle "GM"]
[WhiteElo "2336"]
[BlackElo "2619"]
[WhiteFideId "1291513"]
[BlackFideId "4160258"]
[EventDate "2025.05.27"]

1. e4 c5 2. Nc3 d6 3. d4 cxd4 4. Qxd4 Nc6 5. Qd2 a6 6. b3 e6 7. Bb2 b5 8. O-O-O
Bb7 9. f4 Rc8 10. Nf3 Qc7 11. Kb1 Be7 12. g4 b4 13. Ne2 Nf6 14. Ng3 Na7 15. g5
Nxe4 16. Nxe4 Bxe4 17. Bxa6 Bxf3 18. Bxc8 Nxc8 19. Bxg7 Rg8 20. Bb2 Qc5 21. Bd4
Qb5 22. h4 Nb6 23. Qf2 Bxh1 24. Rxh1 Nd5 25. f5 e5 26. f6 exd4 27. fxe7 Nc3+ 28.
Kc1 Nxa2+ 29. Kb2 Qa5 30. c4 bxc3+ 31. Kc2 Nb4+ 32. Kd1 d3 33. Qd4 0-1

[Event "Titled Tue 27th May Early"]
[Site "chess.com INT"]
[Date "2025.05.27"]
[Round "2"]
[White "Manukian, Artak"]
[Black "Gelman, Alexander"]
[Result "0-1"]
[BlackTitle "IM"]
[WhiteElo "2104"]
[BlackElo "2403"]
[WhiteFideId "13301373"]
[BlackFideId "4118316"]
[EventDate "2025.05.27"]

1. e4 e5 2. Nf3 d6 3. d4 exd4 4. Nxd4 Nf6 5. Nc3 Be7 6. Bc4 O-O 7. O-O Re8 8.
Re1 Bf8 9. h3 c6 10. a4 Nbd7 11. Ba2 h6 12. Bf4 Ne5 13. Bh2 Qb6 14. Nb3 Be6 15.
a5 Qc7 16. Nd4 Bxa2 17. Rxa2 Rad8 18. Nf5 g6 19. Ne3 Bg7 20. f4 Ned7 21. f5 Nc5
22. fxg6 fxg6 23. Nc4 Ncxe4 24. Nxe4 Nxe4 25. c3 Qf7 26. b3 Nxc3 27. Nxd6 Nxd1
28. Rxe8+ Rxe8 29. Nxf7 Kxf7 30. Rd2 Ne3 31. Bd6 Nf5 32. Bc5 a6 33. Rd7+ Ke6 34.
Rxb7 Kd5 35. b4 Bd4+ 36. Bxd4 Nxd4 0-1

[Event "Titled Tue 27th May Early"]
[Site "chess.com INT"]
[Date "2025.05.27"]
[Round "2"]
[White "Thorhallsson, Simon"]
[Black "Marichal Gonzalez, Ariel"]
[Result "0-1"]
[WhiteTitle "FM"]
[BlackTitle "IM"]
[WhiteElo "2218"]
[BlackElo "2268"]
[WhiteFideId "2310090"]
[BlackFideId "3503232"]
[EventDate "2025.05.27"]

1. Nf3 d5 2. g3 g6 3. Bg2 Bg7 4. O-O e5 5. d3 Nc6 6. c4 Nge7 7. e4 dxc4 8. dxc4
Qxd1 9. Rxd1 Be6 10. b3 Nd4 11. Nxd4 exd4 12. Bb2 c5 13. Na3 a6 14. Nc2 Nc6 15.
Ne1 O-O 16. Nd3 b6 17. f4 Rac8 18. h3 f5 19. exf5 Bxf5 20. Nf2 Rfe8 21. Re1 Nb4
22. g4 Bd7 23. a3 Nc2 24. Bd5+ Kf8 25. Rxe8+ Rxe8 26. Rc1 Ne3 27. Bf3 Bh6 28.
Nd3 a5 29. b4 cxb4 30. axb4 Bg7 31. c5 bxc5 32. bxa5 c4 33. Nc5 Bb5 34. a6 c3
35. Ba3 Kf7 36. a7 d3 37. Nxd3 Bd4 38. Ne5+ Ke6 39. a8=Q Rxa8 40. Bxa8 Nc4+ 41.
Kh2 Nxa3 42. Bf3 c2 43. Be4 Be3 44. Rxc2 Nxc2 45. Bxc2 Bxf4+ 46. Kg2 Bxe5 47.
Be4 Bc4 48. h4 Bd5 49. Bxd5+ Kxd5 50. h5 g5 0-1

[Event "Titled Tue 27th May Early"]
[Site "chess.com INT"]
[Date "2025.05.27"]
[Round "2"]
[White "Sahetchian, Armand"]
[Black "Gunawardhana, Devindya Oshini"]
[Result "0-1"]
[WhiteTitle "CM"]
[BlackTitle "WIM"]
[WhiteElo "2024"]
[BlackElo "2068"]
[WhiteFideId "607150"]
[BlackFideId "29941482"]
[EventDate "2025.05.27"]

1. d4 d5 2. Nf3 Nf6 3. e3 e6 4. b3 g6 5. Bb2 Bg7 6. Nbd2 O-O 7. Bd3 b6 8. O-O
Nbd7 9. c4 Bb7 10. Qe2 Ne4 11. Rfd1 a5 12. a3 Qe7 13. Rac1 Rfc8 14. Ne5 Nxe5 15.
dxe5 Nc5 16. Bc2 dxc4 17. Nxc4 Rd8 18. Rd4 Rd5 19. f4 Rad8 20. Rcd1 Qe8 21. h3
Ba6 22. e4 Rxd4 23. Rxd4 Rxd4 24. Bxd4 Qb5 25. Bxc5 Qxc5+ 26. Qf2 Bf8 27. a4
Bxc4 28. bxc4 Qxc4 29. Kh2 Bc5 30. Qd2 Bd4 31. Bb3 Qc5 32. Qd3 Kg7 33. h4 Be3
34. Qf1 Qb4 35. Bc2 Qd2 36. Bd3 Bxf4+ 37. Kh3 Bxe5 38. h5 Qe3+ 0-1

[Event "Titled Tue 27th May Early"]
[Site "chess.com INT"]
[Date "2025.05.27"]
[Round "2"]
[White "Ser, Daniel"]
[Black "Sklokin, Sergey"]
[Result "0-1"]
[WhiteTitle "CM"]
[BlackTitle "FM"]
[WhiteElo "2005"]
[BlackElo "2311"]
[WhiteFideId "12829404"]
[BlackFideId "55730230"]
[EventDate "2025.05.27"]

1. d4 Nf6 2. Bf4 g6 3. Nc3 d5 4. e3 Bg7 5. h4 h5 6. Nf3 O-O 7. Be2 c6 8. Ne5
Nbd7 9. Qd2 Nxe5 10. Bxe5 b5 11. Bxf6 exf6 12. O-O-O f5 13. g3 Re8 14. Bf3 a5
15. Kb1 a4 16. Ne2 Qd6 17. Rc1 Ba6 18. Nf4 b4 19. c3 b3 20. a3 Rad8 21. Be2 Bb7
22. Nd3 Bf8 23. c4 dxc4 24. Rxc4 c5 25. Rd1 cxd4 26. Rxd4 Qb6 27. Nf4 Be4+ 28.
Ka1 Rxd4 29. Qxd4 Qxd4 30. Rxd4 Bg7 31. Rd1 Rc8 32. Bd3 Bf3 33. Rf1 Be5 34. Kb1
Rd8 35. Be2 Be4+ 36. Ka1 Rd2 0-1

[Event "Titled Tue 27th May Early"]
[Site "chess.com INT"]
[Date "2025.05.27"]
[Round "2"]
[White "Dyulgerov, Volen"]
[Black "Hayrapetyan, Edgar"]
[Result "1-0"]
[WhiteTitle "CM"]
[BlackTitle "FM"]
[WhiteElo "2200"]
[BlackElo "2161"]
[WhiteFideId "2918978"]
[BlackFideId "13313568"]
[EventDate "2025.05.27"]

1. e4 e6 2. d4 d5 3. Nd2 e5 4. dxe5 dxe4 5. Qe2 Nc6 6. Qxe4 Bc5 7. Nb3 Bb6 8.
Bf4 Nh6 9. Rd1 Qe7 10. Bb5 Bd7 11. Nf3 O-O-O 12. O-O a6 13. Bc4 Nb4 14. Qe2 Rde8
15. a3 Nc6 16. Bxa6 bxa6 17. Qxa6+ Kb8 18. e6 Qxe6 19. Qxb6+ Ka8 20. Qxc7 Bc8
21. Nc5 Qf6 22. Rd6 Qxf4 23. Qxc6+ Kb8 24. Qb6+ Ka8 25. Qa5+ Kb8 26. Rb6+ Kc7
27. Rf6+ Kb8 28. Rxf4 Re7 29. Rb4+ Rb7 30. Na6+ Ka7 31. Nc7+ 1-0

[Event "Titled Tue 27th May Early"]
[Site "chess.com INT"]
[Date "2025.05.27"]
[Round "2"]
[White "Dauer, Andre Leonardo"]
[Black "Buscar, Michael"]
[Result "0-1"]
[WhiteTitle "CM"]
[WhiteElo "2138"]
[BlackElo "2016"]
[WhiteFideId "2126915"]
[BlackFideId "2603616"]
[EventDate "2025.05.27"]

1. e4 c5 2. Nf3 Nc6 3. d3 Nf6 4. g3 d5 5. Nbd2 dxe4 6. dxe4 e5 7. Bg2 Be7 8. c3
O-O 9. O-O Bg4 10. Qe2 Qc7 11. a4 Rad8 12. Nc4 b6 13. Bg5 Ne8 14. Bxe7 Qxe7 15.
Rfd1 Nc7 16. Ne3 Bh5 17. g4 Bg6 18. Nf5 Bxf5 19. exf5 Nd5 20. Qb5 Qc7 21. h3 Nf4
22. Bf1 e4 23. Nd2 Ne5 24. Bg2 Nxg2 25. Kxg2 Rxd2 26. Rxd2 Nf3 27. Rd7 Qh2+ 28.
Kf1 Qh1+ 29. Ke2 Qxa1 30. Ke3 Qe1+ 31. Kf4 Qxf2 32. Kxe4 Ng5+ 33. Kd5 Qf4 34. h4
Qe4+ 35. Kd6 Nf3 36. Re7 Qxg4 37. Rxf7 Rxf7 38. Qe8+ Rf8 39. Qe6+ Kh8 40. Qe7
Qxf5 41. Kc6 Qf6+ 42. Qxf6 Rxf6+ 43. Kb5 Rf7 44. b4 cxb4 45. cxb4 h6 46. a5 bxa5 0-1

[Event "Titled Tue 27th May Early"]
[Site "chess.com INT"]
[Date "2025.05.27"]
[Round "2"]
[White "Dragnev, Valentin"]
[Black "Kurchenko, Egor"]
[Result "0-1"]
[WhiteTitle "GM"]
[BlackTitle "FM"]
[WhiteElo "2540"]
[BlackElo "2130"]
[WhiteFideId "1634852"]
[BlackFideId "54157749"]
[EventDate "2025.05.27"]

1. e4 e5 2. Nf3 Nc6 3. Bb5 g6 4. O-O Bg7 5. d4 exd4 6. Bg5 Nge7 7. c3 a6 8. Bxc6
dxc6 9. cxd4 Bg4 10. Nbd2 h6 11. Be3 O-O 12. h3 Be6 13. Nb3 b6 14. Qd2 Kh7 15.
Rfd1 f5 16. e5 Nd5 17. Qc2 Bd7 18. Bd2 a5 19. Nc1 Qe7 20. Nd3 Rae8 21. Re1 Qe6
22. Nf4 Nxf4 23. Bxf4 Qd5 24. Bd2 g5 25. b4 axb4 26. Bxb4 Rf7 27. a4 Kh8 28. a5
f4 29. a6 Bxh3 30. gxh3 Qxf3 31. a7 Ra8 32. e6 Qxh3 33. Qxc6 f3 34. Qxa8+ Kh7
35. Qe4+ Rf5 36. Qxf3 Qxf3 37. a8=Q Qxf2+ 38. Kh1 Rf4 39. Re4 Qf3+ 40. Kg1 Rxe4
41. Bc5 Rg4+ 42. Kh2 Qg3+ 43. Kh1 Qh3# 0-1

[Event "Titled Tue 27th May Early"]
[Site "chess.com INT"]
[Date "2025.05.27"]
[Round "2"]
[White "Duarte Cramer, Lily Jeanette"]
[Black "Preobrazhenskaya, Diana"]
[Result "0-1"]
[WhiteTitle "WCM"]
[BlackTitle "WFM"]
[WhiteElo "1828"]
[BlackElo "2103"]
[WhiteFideId "29620180"]
[BlackFideId "34270566"]
[EventDate "2025.05.27"]

1. d4 Nf6 2. c4 e6 3. Nc3 Bb4 4. Qc2 O-O 5. a3 Bxc3+ 6. Qxc3 b6 7. Bg5 h6 8. Bh4
Bb7 9. Nf3 d6 10. e3 Nbd7 11. Bd3 Qe8 12. Qd2 Ne4 13. Qe2 f5 14. Nd2 Nxd2 15.
Kxd2 e5 16. d5 g5 17. g4 f4 18. Bxg5 hxg5 19. h4 e4 20. Bc2 Qg6 21. hxg5 Kf7 22.
Rh6 Qxg5 23. Rah1 Ke8 24. Re6+ Kd8 25. Rh5 f3 26. Rxg5 fxe2 27. Kxe2 Nc5 28.
Reg6 Bc8 29. b4 Nd3 30. Bxd3 exd3+ 31. Kxd3 a5 32. b5 Bd7 33. f4 Be8 34. Rg8
Rxg8 35. Rxg8 Ke7 36. Rg7+ Bf7 37. g5 Kf8 38. Rxf7+ Kxf7 39. f5 Rg8 40. g6+ Kf6
41. e4 Rh8 42. Ke3 Rh3+ 43. Kf4 Rxa3 44. Kg4 a4 45. Kh5 Re3 46. Kg4 Rxe4+ 47.
Kf3 Rxc4 48. Ke3 a3 49. Kd3 Rc5 50. Kd4 a2 51. Kd3 a1=Q 52. Kd2 Qc3+ 53. Ke2
Qb2+ 54. Kf3 Rc3+ 55. Kg4 Qb4+ 56. Kh5 Rh3# 0-1

[Event "Titled Tue 27th May Early"]
[Site "chess.com INT"]
[Date "2025.05.27"]
[Round "2"]
[White "Martinez Alcantara, Jose Eduardo"]
[Black "Shogdzhiev, Roman"]
[Result "1-0"]
[WhiteTitle "GM"]
[BlackTitle "FM"]
[WhiteElo "2611"]
[BlackElo "2329"]
[WhiteFideId "3805662"]
[BlackFideId "55653537"]
[EventDate "2025.05.27"]

1. c4 c6 2. Nf3 d5 3. g3 Nf6 4. Bg2 g6 5. b3 Bg7 6. Bb2 O-O 7. O-O a5 8. Qc2 Re8
9. d3 Bg4 10. Nbd2 Nbd7 11. h3 Bxf3 12. Nxf3 e5 13. e3 Ra6 14. Rad1 Bf8 15. Nd2
a4 16. Bc3 Qb6 17. b4 d4 18. exd4 exd4 19. c5 Bxc5 20. Nc4 Qd8 21. bxc5 dxc3 22.
Nd6 Re6 23. d4 b6 24. Qxc3 bxc5 25. dxc5 Qa5 26. Qxa5 Rxa5 27. Nb7 Rb5 28. Nd8
Re8 29. Bxc6 Rxc5 30. Bxd7 Rxd8 31. Bxa4 Rb8 32. Bb3 Ne4 33. Rfe1 Nc3 34. Rd7
Rf5 35. Ree7 Rf8 36. Kg2 h5 37. h4 Kg7 38. Re3 Rc8 39. Ree7 Rf8 40. f3 Ra8 41.
Bxf7 Kf8 42. Bxg6 Rf6 43. Rf7+ Rxf7 44. Rxf7+ Kg8 45. Bxh5 Rxa2+ 46. Kh3 Nd1 47.
g4 Nb2 48. Rd7 Ra5 49. Bg6 1-0

[Event "Titled Tue 27th May Early"]
[Site "chess.com INT"]
[Date "2025.05.27"]
[Round "2"]
[White "Grot, Blazej"]
[Black "Kosakowski, Jakub"]
[Result "1/2-1/2"]
[WhiteTitle "CM"]
[BlackTitle "GM"]
[WhiteElo "2217"]
[BlackElo "2530"]
[WhiteFideId "21835845"]
[BlackFideId "1185080"]
[EventDate "2025.05.27"]

1. e4 c6 2. d4 d5 3. Nd2 dxe4 4. Nxe4 Nf6 5. Nxf6+ exf6 6. c3 Bd6 7. Bd3 O-O 8.
Ne2 Re8 9. O-O Nd7 10. Ng3 g6 11. Qf3 f5 12. Bf4 Bxf4 13. Qxf4 Nf6 14. Rfe1
Rxe1+ 15. Rxe1 Be6 16. a3 Qf8 17. Qd2 Re8 18. Ne2 Qd6 19. Qf4 Qd8 20. Ng3 Bd5
21. Re5 Rxe5 22. Qxe5 Ng4 23. Qe2 h5 24. h3 Nf6 25. Qe5 Be6 26. Ne2 Nd5 27. Bc4
Nxc3 28. Bxe6 Nxe2+ 29. Qxe2 fxe6 30. Qxe6+ Kg7 31. Qe5+ Kf7 32. Qc5 Qb6 33.
Qc4+ Kg7 34. b4 Qb5 35. Qe6 Qb6 36. Qe7+ Kg8 37. Qe8+ Kg7 38. Qe7+ Kg8 39. Qe8+
Kg7 40. Qe7+ 1/2-1/2

[Event "Titled Tue 27th May Early"]
[Site "chess.com INT"]
[Date "2025.05.27"]
[Round "2"]
[White "Kakavand, Ramtin"]
[Black "Levitan, Judah Nathan"]
[Result "1-0"]
[WhiteTitle "FM"]
[BlackTitle "CM"]
[WhiteElo "2179"]
[BlackElo "2127"]
[WhiteFideId "32790597"]
[BlackFideId "14332639"]
[EventDate "2025.05.27"]

1. Nf3 c5 2. g3 Nc6 3. Bg2 g6 4. O-O Bg7 5. d3 e6 6. Nbd2 d5 7. c3 Nge7 8. e4
O-O 9. Qc2 Qc7 10. Re1 Rd8 11. Nf1 Ne5 12. Nxe5 Bxe5 13. f4 Bg7 14. e5 b5 15.
Ne3 Bb7 16. Ng4 Nf5 17. Nf6+ Kh8 18. b3 d4 19. c4 b4 20. Ne4 a5 21. a4 Rac8 22.
Qf2 Qe7 23. g4 Nh6 24. Qg3 Ng8 25. h4 Qd7 26. Kf2 Ne7 27. Ke2 Kg8 28. Kd2 Ba8
29. Kc2 Nc6 30. Bd2 Ne7 31. Rf1 Nd5 32. cxd5 exd5 33. Nf6+ Bxf6 34. exf6 c4 35.
Rac1 cxd3+ 36. Kb2 Rxc1 37. Rxc1 Rc8 38. Rxc8+ Qxc8 39. Qxd3 Qxg4 40. Qa6 h5 41.
Qxa8+ Kh7 42. Qf8 1-0

[Event "Titled Tue 27th May Early"]
[Site "chess.com INT"]
[Date "2025.05.27"]
[Round "2"]
[White "Kim, Sergey"]
[Black "Essing, Arnold"]
[Result "0-1"]
[WhiteTitle "FM"]
[BlackTitle "FM"]
[WhiteElo "2295"]
[BlackElo "2211"]
[WhiteFideId "13700570"]
[BlackFideId "4619862"]
[EventDate "2025.05.27"]

1. d4 d5 2. c4 e6 3. Nc3 c5 4. e3 Nc6 5. Nf3 Nf6 6. a3 a6 7. Bd3 dxc4 8. Bxc4 b5
9. Ba2 cxd4 10. exd4 Bb7 11. O-O Be7 12. Re1 O-O 13. Qd3 b4 14. Ne4 bxa3 15.
bxa3 Nxe4 16. Qxe4 Bf6 17. Bb2 Rb8 18. Rab1 Nb4 19. Qf4 Nxa2 20. Ne5 Qd5 21. f3
Rbc8 22. h4 Nc3 23. Bxc3 Rxc3 24. h5 h6 25. Kh2 Rd8 26. Re4 Bxe5 27. Rxe5 Qc6
28. Rd1 Rc2 29. d5 exd5 30. Re7 Rf8 31. Qf5 Bc8 32. Qe5 Be6 33. Rb1 Qc5 34. Rbb7
Qf2 35. Qg3 Qxg3+ 36. Kxg3 Ra2 37. Kf4 Rc8 38. Ke5 Rxa3 39. f4 Re3+ 40. Kd6 Rec3
41. g4 R3c6+ 42. Ke5 d4 43. f5 Bc4 44. Kxd4 a5 45. Ra7 Ra6 46. Rec7 Rxc7 47.
Rxc7 Bb3 48. Kc3 a4 49. Kb2 Rd6 50. Ka3 Rd4 51. g5 hxg5 52. h6 gxh6 53. f6 Kh7
54. Rc6 Kg6 0-1

[Event "Titled Tue 27th May Early"]
[Site "chess.com INT"]
[Date "2025.05.27"]
[Round "2"]
[White "Kislinsky, Alexey"]
[Black "Berezin, Viktor RUS"]
[Result "1-0"]
[WhiteTitle "GM"]
[BlackTitle "FM"]
[WhiteElo "2350"]
[BlackElo "1921"]
[WhiteFideId "14108801"]
[BlackFideId "4128869"]
[EventDate "2025.05.27"]

1. e4 e5 2. Nf3 Nc6 3. Bb5 a6 4. Ba4 Nf6 5. O-O b5 6. Bb3 d6 7. Re1 Bg4 8. c3
Na5 9. Bc2 Be7 10. h3 Bh5 11. d4 exd4 12. cxd4 O-O 13. Nc3 Nc6 14. g4 Bg6 15. e5
dxe5 16. dxe5 Qxd1 17. Bxd1 Ne8 18. Nd5 Bc5 19. Bf4 Kh8 20. Rc1 Bd4 21. Rxc6
Bxb2 22. Bc2 Rd8 23. Nb4 Ba3 24. Nxa6 b4 25. Bb3 Ra8 26. Bg5 h6 27. Be7 Rg8 28.
Nxb4 Bxb4 29. Bxb4 Rb8 30. a3 Rb7 31. Bd5 Rb8 32. Nh4 Bh7 33. Bxf7 Nd6 34. exd6
cxd6 35. Bxg8 Rxg8 36. Rxd6 Ra8 37. Ng6+ Bxg6 38. Rxg6 Kh7 39. Rc6 Rb8 40. Re7 1-0